书目信息 |
| 题名: |
项目管理法规
|
|
| 作者: | 曹勇 主编 | |
| 分册: | ||
| 出版信息: | 北京 清华大学出版社 2014 |
|
| 页数: | 190页 | |
| 开本: | 24cm | |
| 丛书名: | ||
| 单 册: | ||
| 中图分类: | D922.297.1 | |
| 科图分类: | ||
| 主题词: | 项目管理--Xiang Mu Guan Li--法规--中国--高等学校--教材 | |
| 电子资源: | ||
| ISBN: | 978-7-302-35573-1 | |
| 000 | 00826nam0 22002411 450 | |
| 001 | 349626 | |
| 005 | 20161008165854.15 | |
| 010 | @a978-7-302-35573-1@dCNY28.00 | |
| 100 | @a20140529d2014 em y0chiy50 ea | |
| 101 | 0 | @achi |
| 102 | @aCN@b110000 | |
| 105 | @ay z 000yy | |
| 106 | @ar | |
| 200 | 1 | @a项目管理法规@AXiang Mu Guan Li Fa Gui@f曹勇主编 |
| 210 | @a北京@c清华大学出版社@d2014 | |
| 215 | @a190页@d24cm | |
| 300 | @a高等院校项目管理系列教材 | |
| 330 | @a本书系统介绍了项目组织管理法律制度、项目成本管理法律制度、质量管理法律制度、项目采购法律制度、项目风险管理法律、项目管理纠纷处理法律制度等内容。 | |
| 606 | 0 | @a项目管理@AXiang Mu Guan Li@x法规@y中国@x高等学校@j教材 |
| 690 | @aD922.297.1@v5 | |
| 701 | 0 | @a曹勇@ACao Yong@4主编 |
| 801 | 0 | @aCN@bTANGWEI@20160730 |
| 905 | @b0885955-9@dD922.297.1@e1339@f5 | |
| 项目管理法规/曹勇主编.-北京:清华大学出版社,2014 |
| 190页;24cm |
| 高等院校项目管理系列教材 |
| ISBN 978-7-302-35573-1:CNY28.00 |
| 本书系统介绍了项目组织管理法律制度、项目成本管理法律制度、质量管理法律制度、项目采购法律制度、项目风险管理法律、项目管理纠纷处理法律制度等内容。 |
| ● |
| 相关链接 |
|
|
|
|
正题名:项目管理法规
索取号:D922.297.1/1339
 
预约/预借
| 序号 | 登录号 | 条形码 | 馆藏地/架位号 | 状态 | 备注 |
| 1 | 0885955 | 208859555 | 第一样本阅览室/ [索取号:D922.297.1/1339] | 在馆 | |
| 2 | 0885956 | 208859564 | 第一借阅区/ [索取号:D922.297.1/1339] | 在馆 | |
| 3 | 0885957 | 208859573 | 第一借阅区/ [索取号:D922.297.1/1339] | 在馆 | |
| 4 | 0885958 | 208859582 | 第一借阅区/ [索取号:D922.297.1/1339] | 在馆 | |
| 5 | 0885959 | 208859591 | 密集书库-史法系/ [索取号:D922.297.1/1339] | 在馆 |